History Quiz

Random History or Year Quiz

Historical Events of 1988 Quiz Stats

 Plays Quiz Updated Jul 10, 2016

Challenge
Share
Tweet
Embed
Score 0/25 Timer 07:00
6 Plays Today
Date Answer % Correct
March 24McDonald's
91.2%
May 27Microsoft
90.3%
November 8 George H.W. Bush
84.2%
January 15Jerusalem
80%
November 15Palestine
75.8%
April 14Afghanistan
73.7%
January 31The Wonder Years
71.5%
June 23global warming
69.8%
December 6Roy Orbison
68.1%
February 13Calgary
66.2%
February 3 Nicaragua
64.8%
July 20Michael Dukakis
55.9%
October 5Dan Quayle
55%
Date Answer % Correct
December 2Benazir Bhutto
54.3%
August 11Al-Qaeda
52.8%
January 27perestroika
43%
August 8Burma
43%
February 24Jerry Falwell
34.7%
December 22Brazil
33.3%
June 25Netherlands
30.1%
August 20Iran-Iraq War
30%
November 2computer worm
24.1%
November 3Maldives
23.4%
March 3Liberal Democrats
23.1%
April 11The Last Emperor
19.7%

You're not logged in!

Compare scores with friends on all Sporcle quizzes.
Join for Free
OR
Log In

You Might Also Like...

Show Comments

Extras

Top Quizzes Today


Score Distribution

Your Account Isn't Verified!

In order to create a playlist on Sporcle, you need to verify the email address you used during registration. Go to your Sporcle Settings to finish the process.

Report this User

Report this user for behavior that violates our Community Guidelines.

Details: